Uralic Language Family - Statistics

General Stats
  • This quiz has been taken 99 times
    36 since last reset
  • The average score is 5 of 7
Answer Stats
Languages Classification % Correct
Estonian, Finnish, Izhorian, Karelian, Vepsian Finnic
97%
Inari, Kildin, Lule, Northern, Skolt Sámi
97%
Eastern ____, Hill ____, Northwestern ____ Mari
88%
Hungarian, Khanty, Mansi Ugric
78%
Enets, Nenets, Nganasan, Selkup, Yukaghir Samoyedic
53%
Komi-Permyak, Komi-Yodz, Komi-Zyrian, Udmurt Permic
47%
Erzya, Moksha Mordvinic
44%
No matching quizzes found
Score Distribution
Percent of People with Each Score
Percentile by Number Answered
Your Score History
You have not taken this quiz since the last reset